UEFA Fünfjahreswertung HARD! - Statistiken

Allgemein
  • Dieses Quiz wurde 190 mal gespielt
  • Das Durchschnittsergebnis liegt bei 11 aus 55
Antwortstatistiken
Hint Antwort % Korrekt
1 England
100%
2 Spanien
95%
3 Italien
92%
4 Deutschland
90%
5 Frankreich
88%
6 Portugal
83%
7 Niederlande
78%
8 Österreich
64%
9 Schottland
44%
13 Belgien
36%
10 Russland
36%
14 Schweiz
31%
12 Ukraine
29%
11 Serbien
24%
18 Dänemark
18%
15 Griechenland
17%
19 Kroatien
17%
16 Tschechien
17%
20 Türkei
17%
17 Norwegen
14%
28 Polen
12%
55 San Marino
11%
23 Schweden
11%
54 Andorra
8%
25 Rumänien
7%
36 Finnland
4%
24 Bulgarien
3%
51 Gibraltar
3%
52 Island
3%
37 Luxemburg
3%
53 Montenegro
3%
30 Slowakei
3%
27 Ungarn
3%
35 Bosnien und Herzegowina
2%
45 Estland
2%
44 Färöer
2%
40 Irland
2%
22 Israel
2%
38 Lettland
2%
34 Litauen
2%
48 Nordmazedonien
2%
33 Republik Moldau
2%
31 Slowenien
2%
50 Wales
2%
21 Zypern
2%
43 Albanien
1%
41 Armenien
1%
26 Aserbaidschan
1%
47 Georgien
1%
29 Kasachstan
1%
39 Kosovo
1%
49 Liechtenstein
1%
46 Malta
1%
42 Nordirland
1%
32 Belarus
0%
Keine übereinstimmenden Quizze gefunden
Verteilung der Resultate
Anzahl Personen mit jedem Resultat
Perzentil nach korrekt beantworteten Fragen
Ihre Resultats-Entwicklung
Sie haben dieses Quiz noch nicht gespielt